=LDR 00000nam 2200000 4500 =001 INLIS000000000052677 =990 ##$$a 21709694 =005 20180222124203 =990 ##$$a 21709695 =035 ##$$a 0010-0218000373 =990 ##$$a 21709693 =007 ta =990 ##$$a 21709692 =008 180222###########################0###### =990 ##$$a 21709691 =020 ##$$a 978-602-217-911-5 =990 ##$$a 1202202833 =082 ##$$a 510.07 =084 ##$$a 510.07 ASY m =100 #$$a Asyono =245 1#$$a Matematika SMP/MTS Kelas VII /$c Asyono =260 ##$$a Jakarta :$b Bumi Aksara,$c 2016 =300 ##$$a xii, 287 hlm. : $b ilus, ; $c 27 cm. =650 ##$$a Matematika - Studi Dan Pengajaran =700 #$$a Editor, Yuni Melbia =504 ##$$a Bibliografi : hlm. 280 =990 ##$$a 45784578 =990 ##$$a 45784578 =990 ##$$a 45784578 =990 ##$$a 45784578 =990 ##$$a 45784578 =990 ##$$a 21709691 =990 ##$$a 01201804578 =990 ##$$a 01201804579 =990 ##$$a 01201804580 =990 ##$$a 01201804581 =990 ##$$a 21709692 =990 ##$$a 01201804578 =990 ##$$a 01201804579 =990 ##$$a 01201804580 =990 ##$$a 21709691 =990 ##$$a 21709693 =990 ##$$a 01201804578 =990 ##$$a 01201804579 =990 ##$$a 21709692 =990 ##$$a 21709691 =990 ##$$a 21709694 =990 ##$$a 01201804578 =990 ##$$a 21709693 =990 ##$$a 21709692 =990 ##$$a 21709691 =990 ##$$a 21709695 =990 ##$$a 21709694 =990 ##$$a 21709693 =990 ##$$a 21709692 =990 ##$$a 21709691 =990 ##$$a 28332833 =990 ##$$a 1202202833 =990 ##$$a 21709695 =990 ##$$a 21709694 =990 ##$$a 21709693 =990 ##$$a 21709692 =990 ##$$a 21709691 =990 ##$$a 1202202833 =990 ##$$a 21709695 =990 ##$$a 21709694 =990 ##$$a 21709693 =990 ##$$a 21709692 =990 ##$$a 21709691